00938 2200301 4500001002100000005001700021008004100038020001800079035002400097082001200121090001900133100002200152245011900174250001000293260003700303300002400340500008800364500003100452650002600483700003000509700002100539700001700560850001200577980001100589985000600600999001500606999001500621YOGYA-0209000003788120090227025313.0 ind  a979-561-953-5 0010-020900000037881 a297.261 a297.261bAlu B aAL-UQSHARI, Yusuf aBebaskan diri andacYusuf Al-Uqshari; penerjemah, Abdul Hayyie Al-Kattani, Fitriah Wardie; penyunting, Hari Wibowo aCet.1 aJakartabGema Insani Pressc2005 axii, 288 hlmc18 cm aJudul asli : 'Uyuubu Asyakhshriyyah kaifa tatalehallashu min uyyubi saykhshiyyatika aBibliografi : hlm. 287-288 aPsikologi agama Islam aAl-Khattami, Abdul Hayyie aWardie, Fithriah aWibowo, hari aYOPDYOG a030406 a2 a05B0008459 a05B0008460